00493nam a2200157Ia 45000010006000000050017000060080041000230410008000640820017000721000042000892450151001312600009002823000028002916500008003196540008003272452320260414151049.0260414t2005||||xx |||||||||||||| ||spa|| aESP a345.721bB94 aBurgos Ladrón de Guevara, JuaneAUT 0aVademécum de principios inspiradores del arbitraje y de práctica arbitral de tribunales arbitrales según la nueva ley de arbitraje 60/2003b c2005 a263 páginas :c24 cm. aDER aCDE